| 000 | 00589nam a2200181 i 4500 | ||
|---|---|---|---|
| 001 | 78044 | ||
| 003 | ES-MaACL | ||
| 005 | 20230906173518.0 | ||
| 007 | t| | ||
| 008 | 041011s1919 xxu ||||1| eng d | ||
| 100 | 1 |
_aHarris, Emerson P. _961908 |
|
| 245 | 1 | 0 |
_aCo-operation the hope of the consumer / _cby Emerson P. Harris ; asisted by Edgar Swan Wiers and Florence Harris. |
| 260 |
_aNew York : _bThe Macmillan Company, _c1919. |
||
| 300 |
_aXXII, 328 p., 1 lám. ; _c19 cm. |
||
| 700 | 1 |
_aWiers, Edgar Swan. _9116772 |
|
| 700 | 1 |
_aHarris, Florence. _961910 |
|
| 852 |
_aES-MaACL _jF-5994 |
||
| 999 |
_c78044 _d78044 |
||